Rezar los himnos del Nuevo Testamento

Uloženo v:
Podrobná bibliografie
Hlavní autor: Gourgues, Michel (Autor)
Médium: Kniha
Jazyk:španělština
Vydáno: Estella Verbo Divino 1993
Edice:Cuadernos bíblico, 80
Témata:
Tagy: Přidat tag
Žádné tagy, Buďte první, kdo vytvoří štítek k tomuto záznamu!

MARC

LEADER 00000nam a2200000 a 4500
001 UCY5360
003 CL-VaPUC
008 950508e19930000SP |||||||||||||||||spa|d
082 0 4 |a 225  |b GOU  |2 21 
100 |a Gourgues, Michel  |e author  |9 485886 
245 1 0 |a Rezar los himnos del Nuevo Testamento 
300 |a 63 p 
942 |c BK 
945 |d 19950508 00:00:00  |a aalvarez 
260 |a Estella  |b Verbo Divino  |c 1993 
650 0 |a Biblia  |9 257603 
650 0 |a Nuevo testamento  |9 257604 
650 0 |a Himnos  |9 334070 
583 |a last modification  |c 19950508 00:00:00  |k Rodrigo Vera 
490 0 |a Cuadernos bíblico, 80 
999 |c 233034  |d 233032 
952 |0 0  |1 0  |4 0  |6 225_000000000000000_GOU_1993  |7 0  |8 A  |9 238087  |a BIBTEO  |b BIBTEO  |d 2019-11-18  |i 3080994  |o 225 GOU 1993  |p 3080994  |r 2025-01-17  |w 2019-11-18  |y BK  |k ICR